Normal view
MARC view
Entry Personal Name
001 - CONTROL NUMBER
- control field: 17053
003 - CONTROL NUMBER IDENTIFIER
- control field: OSt
005 - DATE AND TIME OF LATEST TRANSACTION
- control field: 20211105134122.0
008 - FIXED-LENGTH DATA ELEMENTS
- fixed length control field: 211105|| aca||aabn | a|a d
040 ## - CATALOGING SOURCE
- Original cataloging agency: OSt
- Transcribing agency: OSt
100 ## - HEADING--PERSONAL NAME
- Personal name: Wilmshurst, T. H
670 ## - SOURCE DATA FOUND
- Source citation: Work cat.: (OSt): Wilmshurst, T. H., Signal recovery from noise in electronic instrumentation, 1990